Malaysia Standard Industrial Classification 2008 Ver. 1.0 (Record no. 21561)

MARC details
000 -LEADER
fixed length control field 00735nam a22002537a 4500
001 - CONTROL NUMBER
control field 24162
003 - CONTROL NUMBER IDENTIFIER
control field HDC
008 - FIXED-LENGTH DATA ELEMENTS--GENERAL INFORMATION
fixed length control field 220721b ||||| |||| 00| 0 eng d
040 ## - CATALOGING SOURCE
Original cataloging agency HDC
245 #0 - TITLE STATEMENT
Title Malaysia Standard Industrial Classification 2008 Ver. 1.0
260 ## - PUBLICATION, DISTRIBUTION, ETC.
Place of publication, distribution, etc. Kuala Lumpur:
Name of publisher, distributor, etc. Jabatan Perangkaan Malaysia,
Date of publication, distribution, etc. 2000
300 ## - PHYSICAL DESCRIPTION
Extent volumes
Dimensions 21cm.
336 ## - CONTENT TYPE
Source rdacontent
337 ## - MEDIA TYPE
Source rdamedia
338 ## - CARRIER TYPE
Source rdacarrier
650 ## - SUBJECT ADDED ENTRY--TOPICAL TERM
Topical term or geographic name entry element Industrial statistics
Geographic subdivision Malaysia
Form subdivision Periodicals
9 (RLIN) 20370
650 ## - SUBJECT ADDED ENTRY--TOPICAL TERM
Topical term or geographic name entry element Industries
Form subdivision Classification
-- Statistics
Geographic subdivision Malaysia
9 (RLIN) 20368
650 ## - SUBJECT ADDED ENTRY--TOPICAL TERM
Topical term or geographic name entry element Standardization
Geographic subdivision Malaysia
9 (RLIN) 4500
710 ## - ADDED ENTRY--CORPORATE NAME
Corporate name or jurisdiction name as entry element Malaysia
Subordinate unit Jabatan Perangkaan
942 ## - ADDED ENTRY ELEMENTS (KOHA)
Source of classification or shelving scheme Library of Congress Classification
942 ## - ADDED ENTRY ELEMENTS (KOHA)
Koha item type Book
942 ## - ADDED ENTRY ELEMENTS (KOHA)
Call number prefix HC 445.5
942 ## - ADDED ENTRY ELEMENTS (KOHA)
Call number suffix .A1 M326
Holdings
Withdrawn status Lost status Source of classification or shelving scheme Damaged status Not for loan Collection Home library Current library Shelving location Date acquired Total checkouts Full call number Barcode Date last seen Price effective from Koha item type
    Library of Congress Classification     Non-fiction Halal Development Corporation Library Halal Development Corporation Library Open Shelves 21/07/2022   HC445.5.A1 M326 HDC0001732 24/05/2023 24/05/2023 Book
Halal Development Corporation Berhad (HDC)
5.02 Level 5, KPMG Tower, First Avenue, Persiaran Bandar Utama, 47800 Petaling Jaya, Selangor Darul Ehsan
Phone: +603 7965 5489 Email: [email protected]